[Event "Titled Tue 3rd Jun Early"]
[Site "chess.com INT"]
[Date "2025.06.03"]
[Round "1"]
[White "Aarav Sinha"]
[Black "Mahdavi, Reza"]
[Result "1-0"]
[WhiteTitle "FM"]
[BlackTitle "IM"]
[WhiteElo "2255"]
[BlackElo "2445"]
[WhiteFideId "25674064"]
[BlackFideId "12595926"]
[EventDate "2025.06.03"]

1. e4 c6 2. d4 d5 3. Nc3 g6 4. Be3 Bg7 5. Qd2 Nf6 6. e5 Nfd7 7. O-O-O e6 8. Bh6
Bxh6 9. Qxh6 Qe7 10. h4 Qf8 11. Qf4 h5 12. Nf3 a6 13. Kb1 b5 14. g4 b4 15. Na4
Bb7 16. gxh5 Rxh5 17. Ng5 c5 18. Be2 cxd4 19. Bxh5 gxh5 20. Nh7 Qe7 21. Rhg1 Nf8
22. Rg8 Nd7 23. Nb6 Rb8 24. Nxd7 Kxd7 25. Nxf8+ Rxf8 26. Rxf8 Qxf8 27. Qxd4 Kc7
28. Rg1 a5 29. c3 Kb8 30. cxb4 axb4 31. Qb6 d4 32. Qxd4 Qh8 33. Rc1 Qg7 34. f4
Qg6+ 35. Ka1 Qg4 36. Qxb4 Qxh4 37. a3 Qf2 38. Qd6+ Ka8 39. Qf8+ Ka7 40. Qxf7 Qd4
41. Qxh5 Qxf4 42. Qd1 Bd5 43. Qe1 Kb7 44. Qb4+ Qxb4 45. axb4 Kb6 46. Rc5 Bb3 47.
Kb1 Ka6 48. Kc1 Kb6 49. Kd2 1-0

[Event "Titled Tue 3rd Jun Early"]
[Site "chess.com INT"]
[Date "2025.06.03"]
[Round "1"]
[White "Principe, Gerson"]
[Black "Nguyen Thien Ngan"]
[Result "1-0"]
[WhiteTitle "FM"]
[BlackTitle "WIM"]
[WhiteElo "2176"]
[BlackElo "1998"]
[WhiteFideId "3804550"]
[BlackFideId "12414816"]
[EventDate "2025.06.03"]

1. d4 d5 2. Nf3 e6 3. c4 Nf6 4. Nc3 c5 5. cxd5 Nxd5 6. e4 Nxc3 7. bxc3 cxd4 8.
cxd4 Bb4+ 9. Bd2 Bxd2+ 10. Qxd2 O-O 11. Bc4 Nd7 12. O-O b6 13. Rfd1 Bb7 14. d5
exd5 15. exd5 Rc8 16. Rac1 Qf6 17. Bb5 Nc5 18. Bc4 Rfd8 19. h3 Rd6 20. Nd4 a6
21. Nb3 Ne4 22. Qe3 Qg6 23. Bd3 Rxc1 24. Rxc1 f5 25. f3 Ng5 26. h4 Nh3+ 27. Kf1
f4 28. Qe2 Qf7 29. gxh3 g6 30. Be4 Qd7 31. Rd1 Qxh3+ 32. Qg2 Qxh4 33. Nd4 Qf6
34. Ne6 Qc3 35. Nxf4 Qc4+ 36. Qe2 Qc3 37. Ne6 Qe5 38. Qd2 Qg3 39. Qf2 Qe5 40.
Re1 Bxd5 41. Bxd5 Qxd5 42. Qe3 Qd4 43. Nxd4 Rf6 44. Qe8+ Kg7 45. Re7+ Kh6 46.
Kf2 Kg5 47. Rf7 Rxf7 48. Qxf7 h5 49. Ne6+ Kh6 50. Qg7# 1-0

[Event "Titled Tue 3rd Jun Early"]
[Site "chess.com INT"]
[Date "2025.06.03"]
[Round "1"]
[White "Bozorov, Javohir"]
[Black "Le, Tuan Minh"]
[Result "0-1"]
[WhiteTitle "FM"]
[BlackTitle "GM"]
[WhiteElo "2093"]
[BlackElo "2598"]
[WhiteFideId "14216957"]
[BlackFideId "12401153"]
[EventDate "2025.06.03"]

1. e4 e5 2. Nf3 Nc6 3. Nc3 Nf6 4. d4 exd4 5. Nxd4 Bb4 6. Nxc6 bxc6 7. Bd3 d6 8.
O-O O-O 9. h3 Qe7 10. Qf3 Nd7 11. Bf4 Ne5 12. Bxe5 Qxe5 13. Ne2 Bc5 14. c3 a5
15. Qg3 Qf6 16. Kh1 Rb8 17. Rab1 a4 18. a3 Be6 19. f4 Ba2 20. e5 Qh6 21. Rbe1
Rxb2 22. Nd4 Kh8 23. Be4 Bxa3 24. Nf5 Qg6 25. Qf3 Bd5 26. Ne7 Qh6 27. Nxd5 cxd5
28. Bxd5 Bc5 29. e6 fxe6 30. Rxe6 Qh4 31. f5 a3 32. f6 gxf6 33. Re4 Qh6 34. Ra4
Rbb8 35. Qf5 Qg5 36. Qf3 f5 37. c4 Rbe8 38. Qc3+ Qg7 39. Qf3 Re3 40. Qf4 Re2 41.
Ra8 Rxa8 42. Bxa8 a2 43. Qxf5 Rf2 44. Qc8+ Qg8 45. Qxg8+ Kxg8 46. Bd5+ Kg7 47.
Ra1 Bd4 48. Rxa2 Rxa2 49. c5 Ra1+ 0-1

[Event "Titled Tue 3rd Jun Early"]
[Site "chess.com INT"]
[Date "2025.06.03"]
[Round "1"]
[White "Chkuaseli, Revaz"]
[Black "Aarit Kapil"]
[Result "0-1"]
[BlackTitle "CM"]
[WhiteElo "1910"]
[BlackElo "2098"]
[WhiteFideId "13605194"]
[BlackFideId "33408947"]
[EventDate "2025.06.03"]

1. e4 c5 2. c3 d5 3. exd5 Qxd5 4. Nf3 Nf6 5. d4 Nc6 6. Be2 e6 7. Na3 Be7 8. Nc2
O-O 9. O-O Rd8 10. Be3 Ng4 11. dxc5 Nxe3 12. Nxe3 Qxc5 13. Qb3 Na5 14. Qa4 Bd7
15. Qg4 f5 16. Qh3 Nc6 17. Rad1 Bf6 18. Nd4 Nxd4 19. cxd4 Bxd4 20. Rc1 Qe5 21.
Bc4 Rac8 22. Qxf5 Qxf5 23. Nxf5 Bxb2 24. Ne7+ Kf8 25. Nxc8 Bxc1 26. Nd6 Bc6 27.
Nxb7 Bxb7 28. Rxc1 Rc8 29. Rc2 Be4 30. Rc1 Bd5 31. h3 Rxc4 32. Rb1 Ra4 33. Kh2
Rxa2 34. Kg3 h6 35. f3 Kg8 36. Kf4 Kh7 37. g4 Ra4+ 38. Ke5 Bxf3 39. Kxe6 Ra3 40.
Rg1 Be4 41. h4 Rh3 42. g5 Rxh4 43. Ke5 Bg6 44. Ke6 hxg5 45. Rxg5 Re4+ 46. Kd5
Re8 47. Kc6 Rf8 48. Kd6 Rf7 49. Ke6 Kh6 50. Ra5 Bh5 51. Ra6 Rf6+ 52. Ke7 Rxa6
53. Kf8 Rb6 54. Kg8 g5 55. Kh8 g4 56. Kg8 g3 57. Kh8 g2 58. Kg8 g1=Q+ 59. Kh8
Qg7# 0-1

[Event "Titled Tue 3rd Jun Early"]
[Site "chess.com INT"]
[Date "2025.06.03"]
[Round "1"]
[White "Aghaei, Alireza"]
[Black "Nikulina, Alena"]
[Result "1-0"]
[WhiteTitle "CM"]
[BlackTitle "WFM"]
[WhiteElo "2204"]
[BlackElo "1875"]
[WhiteFideId "12509914"]
[BlackFideId "4172051"]
[EventDate "2025.06.03"]

1. e4 c5 2. Nc3 e6 3. f4 d5 4. Bb5+ Nc6 5. Bxc6+ bxc6 6. d3 Nf6 7. e5 Nd7 8. Nf3
Be7 9. O-O f6 10. exf6 Nxf6 11. Ne5 Qc7 12. Na4 O-O 13. Be3 d4 14. Bd2 Nd5 15.
b3 Bf6 16. Qe1 Qd6 17. Qg3 Ne7 18. Rae1 Nf5 19. Qf3 Bb7 20. Bc1 Rab8 21. Ba3 Qd5
22. Bxc5 Rfd8 23. Bxa7 Ra8 24. Bb6 Qxf3 25. Rxf3 Re8 26. Nc5 Bc8 27. a4 Ne3 28.
Re2 Nd5 29. a5 Nxb6 30. axb6 Rb8 31. b7 Bxb7 32. Ned7 Kf7 33. Nxb8 Rxb8 34. Nxb7
Rxb7 35. Rf1 Rb5 36. Ra1 Rc5 37. Ra4 Kg6 38. Rc4 Rf5 39. g3 c5 40. Rxe6 h5 41.
Rc6 h4 42. R4xc5 hxg3 43. hxg3 Rh5 44. Rxh5 Kxh5 45. Rxf6 gxf6 46. b4 Kg4 47. b5
f5 48. b6 Kf3 49. b7 Ke2 50. b8=Q Kd2 51. Qe5 Kc3 52. Qxf5 Kd2 53. Qe4 Kc3 54.
f5 Kd2 55. f6 Kc1 56. f7 Kb2 57. f8=Q Kc3 58. Qc5+ Kd2 59. Qb4+ Kc1 60. Qee1+
Kxc2 61. Qed2# 1-0

[Event "Titled Tue 3rd Jun Early"]
[Site "chess.com INT"]
[Date "2025.06.03"]
[Round "1"]
[White "Venkatesh, Narayan"]
[Black "Khoo-Thwe, Louis"]
[Result "1-0"]
[WhiteTitle "FM"]
[BlackTitle "CM"]
[WhiteElo "2168"]
[BlackElo "2214"]
[WhiteFideId "30987881"]
[BlackFideId "1538756"]
[EventDate "2025.06.03"]

1. d4 d5 2. c4 dxc4 3. e3 Nf6 4. Nf3 e6 5. Bxc4 c5 6. O-O a6 7. Be2 Nc6 8. Nc3
cxd4 9. exd4 Be7 10. Bg5 O-O 11. Rc1 h6 12. Bh4 Nd5 13. Bxe7 Ndxe7 14. Bd3 b5
15. Be4 Bb7 16. d5 exd5 17. Nxd5 Nxd5 18. Bxd5 Qb6 19. Be4 Rfe8 20. Re1 Rad8 21.
Qb3 Na5 22. Qc2 Rc8 23. Bh7+ Kh8 24. Rxe8+ Rxe8 25. Bd3 Bxf3 26. gxf3 Qf6 27.
Be4 Nc4 28. b3 Ne5 29. Qc3 Qg5+ 30. Kh1 f5 31. Bb7 Nd3 32. Rf1 Rd8 33. Qc2 h5
34. Rg1 Qh4 35. Rg3 f4 36. Rg6 Nxf2+ 37. Kg2 Qh3+ 38. Kxf2 Qxh2+ 39. Rg2 Qh4+
40. Kf1 Qf6 41. Kg1 h4 42. Qg6 Qe5 43. Be4 Kg8 44. Qh7+ Kf7 45. Qxh4 Rd1+ 46.
Kh2 Qa1 47. Qxf4+ Kg8 48. Qb8+ Kf7 49. Qc7+ Ke6 50. Rg6+ Qf6 51. Rxf6+ gxf6 52.
Qc6+ Ke5 53. Qc5+ Kf4 54. Qf5+ Ke3 55. Qxf6 Kf2 56. Qh4+ Ke3 57. Qg5+ Kf2 58.
Qg2+ Ke3 59. Qg1+ Rxg1 60. Kxg1 a5 61. Kf1 a4 62. bxa4 bxa4 63. Ke1 a3 64. Kd1
Kf4 65. Kc2 1-0

[Event "Titled Tue 3rd Jun Early"]
[Site "chess.com INT"]
[Date "2025.06.03"]
[Round "1"]
[White "Deveci, Huseyin Said"]
[Black "Kholyavko, Mariya"]
[Result "0-1"]
[WhiteTitle "CM"]
[BlackTitle "WFM"]
[WhiteElo "2212"]
[BlackElo "2130"]
[WhiteFideId "26322455"]
[BlackFideId "13748505"]
[EventDate "2025.06.03"]

1. e4 e5 2. Nc3 Nf6 3. Bc4 Nc6 4. d3 d6 5. a3 h6 6. Be3 g5 7. h4 g4 8. Qd2 Bg7
9. O-O-O Be6 10. Kb1 d5 11. exd5 Nxd5 12. Nxd5 Bxd5 13. Bxd5 Qxd5 14. Ne2 O-O-O
15. Nc3 Qxg2 16. Rdg1 Qf3 17. Rg3 Qf5 18. h5 Nd4 19. Bxd4 exd4 20. Ne4 Be5 21.
Rg2 Bf4 22. Qb4 c6 23. Rhg1 Rhg8 24. Nc5 b6 25. Ne4 Bc7 26. Qe7 Rd7 27. Qh4 Bd8
28. Qh1 Qe6 29. f3 f5 30. Nd2 Rdg7 31. fxg4 Rxg4 32. Rxg4 Rxg4 33. Rxg4 fxg4 34.
Ne4 Bc7 35. Qg1 Qf5 36. Qxd4 Qxh5 37. Qg7 Qh4 38. Qg8+ Kb7 39. Qg7 g3 40. Nd6+
Kb8 41. Nf7 Qh1+ 42. Ka2 Qd5+ 43. c4 Qxd3 44. Qf8+ Kb7 45. Qg8 Qxc4+ 46. Kb1 g2
47. Nd6+ Bxd6 48. Qxc4 g1=Q+ 49. Ka2 Qc5 50. Qf7+ Bc7 51. Qd7 Qd5+ 52. Qxd5 cxd5
53. Kb3 h5 54. Kc2 h4 55. Kd3 h3 56. Ke2 h2 57. Kf2 h1=Q 58. Ke2 Qb1 59. b4 Qb2+
60. Kd3 Qxa3+ 61. Kd4 Qxb4+ 62. Kd3 a5 63. Ke3 a4 64. Kd3 a3 65. Ke3 a2 66. Kd3
a1=Q 67. Ke3 Qae1+ 68. Kf3 Qbe4# 0-1

[Event "Titled Tue 3rd Jun Early"]
[Site "chess.com INT"]
[Date "2025.06.03"]
[Round "1"]
[White "Teterev, Vitaly"]
[Black "Yushko, Olga"]
[Result "1-0"]
[WhiteTitle "GM"]
[BlackTitle "WFM"]
[WhiteElo "2258"]
[BlackElo "2036"]
[WhiteFideId "13501429"]
[BlackFideId "14114500"]
[EventDate "2025.06.03"]

1. e4 Nf6 2. e5 Nd5 3. d4 d6 4. c4 Nb6 5. exd6 exd6 6. Nc3 Be7 7. Nf3 Bg4 8. h3
Bh5 9. Be3 O-O 10. g4 Bg6 11. h4 f5 12. h5 Be8 13. gxf5 Rxf5 14. h6 Bh5 15. Be2
g6 16. Ne4 N8d7 17. Ng3 Bxf3 18. Bxf3 Rf8 19. c5 dxc5 20. dxc5 Nxc5 21. O-O Qxd1
22. Bxd1 Nd5 23. Bd4 Ne6 24. Bb3 c6 25. Bxd5 cxd5 26. Rad1 b6 27. Rfe1 Kf7 28.
Bc3 Rfd8 29. Re2 Bf6 30. Rde1 Bxc3 31. bxc3 Re8 32. Rd1 Nf4 33. Red2 Rac8 34.
Kf1 Rxc3 35. Rd4 Rc2 36. Rxf4+ Kg8 37. Rf3 Rd8 38. Kg2 Rxa2 39. Rfd3 Ra5 40. Nf1
Rc5 41. Ng3 Kf7 42. R1d2 b5 43. Ne4 Rc4 44. Rf3+ Ke6 45. Ng5+ Ke5 46. Nf7+ Ke6
47. Nxd8+ Kd7 48. Rf7+ Kxd8 49. Rxd5+ Ke8 50. Rxh7 b4 51. Re5+ 1-0

[Event "Titled Tue 3rd Jun Early"]
[Site "chess.com INT"]
[Date "2025.06.03"]
[Round "1"]
[White "Csonka, Balazs"]
[Black "Jai Sankar Subramanian"]
[Result "1-0"]
[WhiteTitle "IM"]
[BlackTitle "FM"]
[WhiteElo "2469"]
[BlackElo "2307"]
[WhiteFideId "742910"]
[BlackFideId "25931970"]
[EventDate "2025.06.03"]

1. d4 Nf6 2. c4 e6 3. g3 d5 4. Bg2 c6 5. Nf3 Be7 6. O-O O-O 7. Nc3 Nbd7 8. Qd3
Re8 9. Rd1 b6 10. e4 dxe4 11. Nxe4 Bb7 12. Bf4 c5 13. Nd6 Bxd6 14. Bxd6 cxd4 15.
Qxd4 Nf8 16. b3 Ng6 17. Ne5 Bxg2 18. Kxg2 Nxe5 19. Bxe5 Qxd4 20. Rxd4 Rad8 21.
Rad1 Rxd4 22. Rxd4 Kf8 23. Bxf6 gxf6 24. Rd7 Re7 25. Rxe7 Kxe7 26. Kf3 Kd6 27.
Ke4 Kc5 28. a3 a5 29. Kd3 h5 30. Kc3 e5 31. b4+ axb4+ 32. axb4+ Kd6 33. Kb3 f5
34. Ka3 Kc7 35. Ka4 Kc6 36. Kb3 Kd6 37. Kc3 Kc6 38. Kd3 Kd6 39. Ke3 Ke6 40. Kf3
Kf6 41. Kg2 e4 42. Kh3 Ke5 43. Kh4 Kd4 44. c5 bxc5 45. bxc5 Kxc5 46. Kxh5 Kd4
47. Kg5 Ke5 48. h4 f6+ 49. Kg6 f4 50. gxf4+ Kxf4 51. h5 Kf3 52. h6 Kxf2 53. h7
e3 54. h8=Q e2 55. Qh2+ Kf1 56. Qf4+ Kg2 57. Qe3 Kf1 58. Qf3+ Ke1 59. Kxf6 Kd2
60. Qf2 Kd1 61. Qd4+ Kc2 62. Qe3 Kd1 63. Qd3+ Ke1 64. Kg5 Kf2 65. Qd4+ Kf3 66.
Qd2 Kf2 67. Qf4+ Kg2 68. Qe3 Kf1 69. Qf3+ Ke1 70. Kg4 Kd2 71. Qf2 Kd1 72. Qd4+
Kc2 73. Qe3 Kd1 74. Qd3+ Kc1 75. Qxe2 Kb1 76. Kf3 1-0

[Event "Titled Tue 3rd Jun Early"]
[Site "chess.com INT"]
[Date "2025.06.03"]
[Round "1"]
[White "Tulendinov, Dinmukhammed"]
[Black "Lazaro Azcutia, Miguel"]
[Result "1-0"]
[WhiteTitle "FM"]
[BlackTitle "CM"]
[WhiteElo "2124"]
[BlackElo "2275"]
[WhiteFideId "13730860"]
[BlackFideId "54538254"]
[EventDate "2025.06.03"]

1. e4 e5 2. Nf3 Nc6 3. Bb5 a6 4. Ba4 Nf6 5. O-O Be7 6. Bxc6 dxc6 7. d3 Nd7 8.
Nbd2 f6 9. Nc4 Nc5 10. a4 a5 11. b3 Ne6 12. Be3 O-O 13. Nh4 g6 14. Bh6 Rf7 15.
g3 b6 16. Ng2 c5 17. f4 exf4 18. Nxf4 Nxf4 19. Bxf4 Be6 20. Qe2 Qd7 21. Rf2 Bf8
22. Raf1 Re8 23. Qd2 Bg7 24. Bh6 Bh8 25. Ne3 Bh3 26. Re1 Rfe7 27. Rfe2 Be6 28.
Nc4 Bxc4 29. dxc4 Qxd2 30. Rxd2 f5 31. Bg5 Re6 32. Rd7 Bd4+ 33. Kg2 Rxe4 34.
Rxe4 Rxe4 35. Kf3 Re1 36. Rxc7 Rh1 37. Kg2 Rg1+ 38. Kh3 Re1 39. Rb7 Re2 40. g4
fxg4+ 41. Kxg4 Rxh2 42. Rxb6 Rxc2 43. Rb8+ Kg7 44. Rb7+ Kg8 45. Bh6 Rg2+ 46. Kf4
Rf2+ 47. Ke4 Rg2 48. Kd5 g5 49. Rb8+ Kf7 50. Bf8 h5 51. Bxc5 Bxc5 52. Kxc5 h4
53. Kb6 Kg7 54. Rb7+ Kg6 55. Rb8 Kg7 56. Rb7+ Kg6 57. c5 1-0

[Event "Titled Tue 3rd Jun Early"]
[Site "chess.com INT"]
[Date "2025.06.03"]
[Round "1"]
[White "Rubio, Lloyd"]
[Black "Sammed Jaykumar, Shete"]
[Result "0-1"]
[BlackTitle "IM"]
[WhiteElo "2167"]
[BlackElo "2377"]
[WhiteFideId "5210453"]
[BlackFideId "5073421"]
[EventDate "2025.06.03"]

1. d4 Nf6 2. c4 e6 3. Nc3 Bb4 4. Bd2 O-O 5. g3 Bxc3 6. Bxc3 Ne4 7. Rc1 d6 8. Bg2
Nxc3 9. Rxc3 e5 10. Nf3 Qe7 11. O-O a5 12. c5 e4 13. cxd6 cxd6 14. Nd2 d5 15.
Nb3 Nc6 16. e3 g6 17. a3 Kg7 18. f3 f5 19. Nc1 Be6 20. Ne2 g5 21. f4 h6 22. Qd2
Rh8 23. Rfc1 g4 24. Rc5 h5 25. Kf2 h4 26. b4 axb4 27. axb4 hxg3+ 28. hxg3 Rh2
29. b5 Nd8 30. Rc7 Bd7 31. Nc3 Qd6 32. Nd1 Kf6 33. Kg1 Rh8 34. Qb2 Ra4 35. Qc3
Ra2 36. Qc5 Ke6 37. Qxd6+ Kxd6 38. R7c2 Rxc2 39. Rxc2 Bxb5 40. Rb2 Ba6 41. Nc3
Nc6 42. Na4 Na5 43. Nc5 Nc4 44. Rb3 Rh7 45. Nxa6 bxa6 46. Kf2 a5 47. Rb5 a4 48.
Rb1 a3 49. Ra1 Rb7 50. Bf1 Rb2+ 51. Ke1 a2 52. Bxc4 dxc4 53. Kd1 Rb1+ 0-1

[Event "Titled Tue 3rd Jun Early"]
[Site "chess.com INT"]
[Date "2025.06.03"]
[Round "1"]
[White "Musial, Igor"]
[Black "Jimenez Fernandez, Rebeca"]
[Result "1/2-1/2"]
[WhiteTitle "FM"]
[BlackTitle "WFM"]
[WhiteElo "2304"]
[BlackElo "2163"]
[WhiteFideId "21858110"]
[BlackFideId "32070934"]
[EventDate "2025.06.03"]

1. e4 c5 2. Nf3 Nc6 3. d4 cxd4 4. Nxd4 g6 5. c4 Nf6 6. Nc3 d6 7. f3 Nxd4 8. Qxd4
Bg7 9. Be3 O-O 10. Qd2 Be6 11. Bd3 Qa5 12. Ne2 Qxd2+ 13. Kxd2 Rfc8 14. b3 Nd7
15. Rac1 a6 16. h4 f5 17. Nf4 fxe4 18. Nxe6 exd3 19. Nxg7 Kxg7 20. Kxd3 Ne5+ 21.
Ke4 Kf7 22. h5 b5 23. hxg6+ hxg6 24. Rh7+ Ke6 25. Bg5 Nf7 26. Bf4 bxc4 27. bxc4
Rc5 28. Be3 Ng5+ 29. Bxg5 Rxg5 30. g4 Rc8 31. Kd4 Re5 32. Kd3 Kf6 33. f4 Rec5
34. g5+ Kf5 35. Rf7+ Ke6 36. Rg7 Kf5 37. Rxe7 Kxf4 38. Re6 Kxg5 39. Rg1+ Kf5 40.
Rexg6 Rxc4 41. R1g5+ Kf4 42. Ra5 Rc3+ 43. Kd4 R8c4+ 44. Kd5 Rc5+ 45. Rxc5 dxc5
46. Rxa6 Rc1 47. Ra4+ Kf5 48. Ra8 Kf6 49. a4 c4 50. Kd4 Ke7 51. Rc8 Kd7 52. Rc5
Ra1 53. Rxc4 Kd8 54. Kc5 Kc8 55. Kb6+ Kb8 56. a5 Rb1+ 57. Ka6 Rh1 58. Rb4+ Ka8
59. Rb6 Rh8 60. Rg6 Rf8 61. Kb6 Rh8 62. Rg7 Rf8 63. Rh7 Rg8 64. Ka6 Rg6+ 65. Kb5
Rg8 66. Kb6 Rg6+ 67. Kc7 Rg8 68. Rh6 Rg7+ 69. Kc8 Rg8+ 70. Kc7 Rg7+ 71. Kb6 Rg8
72. a6 Rf8 73. Rc6 Rg8 74. Kc7 Rg7+ 75. Kd6 Rg6+ 76. Kc7 Rxc6+ 77. Kxc6 Ka7 78.
Kb5 Ka8 79. Kb6 Kb8 80. a7+ Ka8 81. Ka6 1/2-1/2

[Event "Titled Tue 3rd Jun Early"]
[Site "chess.com INT"]
[Date "2025.06.03"]
[Round "1"]
[White "Karttunen, Mika"]
[Black "Dambaev, Dashi"]
[Result "1-0"]
[WhiteTitle "IM"]
[BlackTitle "CM"]
[WhiteElo "2490"]
[BlackElo "2211"]
[WhiteFideId "502081"]
[BlackFideId "55628494"]
[EventDate "2025.06.03"]

1. e4 c5 2. Nf3 d6 3. d4 cxd4 4. Nxd4 Nf6 5. Nc3 g6 6. Be3 Bg7 7. f3 O-O 8. Qd2
Nc6 9. O-O-O d5 10. exd5 Nxd5 11. Nxc6 bxc6 12. Bd4 e5 13. Bc5 Be6 14. Ne4 Re8
15. Bc4 Qc7 16. g4 Nf4 17. Bxe6 Nxe6 18. Bd6 Qb6 19. g5 Nd4 20. Qd3 Rad8 21. Qa3
Qb5 22. Rd3 Qc4 23. Rd2 Nb5 24. Qb3 Qxb3 25. axb3 Nd4 26. Rf1 h6 27. h4 h5 28.
Rd3 Nf5 29. Rh1 Rd7 30. Bc5 Rxd3 31. cxd3 Rd8 32. Kc2 Bf8 33. Bxa7 c5 34. Bxc5
Bxc5 35. Nxc5 Nd4+ 36. Kc3 Nxf3 37. b4 Nd4 38. Kc4 Rb8 39. Rf1 Nf5 40. Rh1 Nd4
41. Nd7 Rb7 42. Nxe5 Nf5 43. b5 Nd6+ 44. Kc5 Nxb5 45. Kc6 Rb8 46. Nd7 Nd4+ 47.
Kc5 Rd8 48. Kxd4 Rxd7+ 49. Kc4 Rc7+ 50. Kb3 Rb7+ 51. Kc3 Rc7+ 52. Kd2 Rb7 53.
Rb1 Rb4 54. Kc3 Rxh4 55. b4 Rh2 56. b5 Ra2 57. b6 Ra8 58. b7 Rb8 59. Kc4 h4 60.
Kc5 h3 61. Kc6 h2 62. Rh1 1-0

[Event "Titled Tue 3rd Jun Early"]
[Site "chess.com INT"]
[Date "2025.06.03"]
[Round "1"]
[White "Silich, Yahor"]
[Black "Jumabayev, Rinat"]
[Result "0-1"]
[WhiteTitle "FM"]
[BlackTitle "GM"]
[WhiteElo "2216"]
[BlackElo "2551"]
[WhiteFideId "13513656"]
[BlackFideId "13702661"]
[EventDate "2025.06.03"]

1. e4 c5 2. Nf3 e6 3. Nc3 a6 4. d4 cxd4 5. Nxd4 Qc7 6. g3 Nf6 7. Bg2 Nc6 8. O-O
Nxd4 9. Qxd4 Bc5 10. Bf4 d6 11. Qd2 h6 12. a3 e5 13. Be3 Bxe3 14. Qxe3 Be6 15.
Rfd1 O-O 16. Rd2 Rfd8 17. Rad1 Rac8 18. Na4 b5 19. Nc3 Qb8 20. Nd5 Bxd5 21. exd5
a5 22. Bf1 Rc7 23. Qe2 b4 24. a4 Rc5 25. Qa6 Rd7 26. h3 Rdc7 27. Qxd6 Ne4 28.
Qxe5 Nxd2 29. Rxd2 Qd8 30. b3 Re7 31. Qd4 Qd6 32. Bc4 Re1+ 33. Kg2 Rc7 34. Qg4
g6 35. Rd4 Rce7 36. Rd2 h5 37. Qf3 Rc1 38. Re2 Re5 39. h4 Re1 40. Rd2 Rc1 41.
Re2 Re1 42. Rd2 Rf5 43. Qd3 Kg7 44. Re2 Re5 45. Rxe1 Rxe1 46. Qd4+ Qf6 47. Qc5
Qa1 48. d6 Rg1+ 49. Kf3 Qd1+ 50. Be2 Qd2 51. Qe5+ Kh7 52. Qf6 Qd5+ 53. Ke3 Re1
54. Qf4 Qe6+ 55. Kd2 Rxe2+ 56. Kd3 Re1 57. Qf3 Re5 0-1

[Event "Titled Tue 3rd Jun Early"]
[Site "chess.com INT"]
[Date "2025.06.03"]
[Round "1"]
[White "Goryachkina, Aleksandra"]
[Black "Momunaliev, Ruslan"]
[Result "1-0"]
[WhiteTitle "GM"]
[BlackTitle "CM"]
[WhiteElo "2544"]
[BlackElo "2213"]
[WhiteFideId "4147103"]
[BlackFideId "13812211"]
[EventDate "2025.06.03"]

1. Nf3 d5 2. e3 Nf6 3. c4 c6 4. Nc3 e6 5. b3 Nbd7 6. Bb2 Bd6 7. d4 O-O 8. Bd3
Qe7 9. Qc2 e5 10. cxd5 cxd5 11. dxe5 Nxe5 12. Be2 Nxf3+ 13. Bxf3 d4 14. Ne4 Bb4+
15. Kf1 Bf5 16. Nxf6+ Qxf6 17. Qc4 Bc3 18. Bxc3 dxc3 19. Qd4 Qxd4 20. exd4 Rfd8
21. Rc1 Rac8 22. d5 b5 23. b4 Rc4 24. a3 Bd3+ 25. Kg1 c2 26. g3 Rc3 27. Kg2 Rxa3
28. Rhe1 Kf8 29. Re3 Rb3 30. Rxd3 Rxd3 31. Rxc2 Ke7 32. Ra2 Rd7 33. Ra5 a6 34.
Rxa6 Rd4 35. Rb6 Rxb4 36. h4 g5 37. hxg5 Rd6 38. Rb7+ Rd7 39. Rb6 Rb3 40. Be4
Rd6 41. Rb7+ Kf8 42. f4 Kg7 43. f5 Rd8 44. f6+ Kg8 45. d6 Rb4 46. Bf5 Rd4 47. d7
b4 48. g4 Rc4 49. Kf3 Rc3+ 50. Ke4 b3 51. Kd5 Kf8 52. Kd6 Rc1 53. Rxb3 Rd1+ 54.
Kc7 Ra8 55. Rb8+ Rxb8 56. Kxb8 h5 57. gxh5 Rb1+ 58. Bxb1 1-0

[Event "Titled Tue 3rd Jun Early"]
[Site "chess.com INT"]
[Date "2025.06.03"]
[Round "1"]
[White "Khenkin, Igor"]
[Black "Anakok, Deniz"]
[Result "0-1"]
[WhiteTitle "GM"]
[BlackTitle "CM"]
[WhiteElo "2499"]
[BlackElo "2058"]
[WhiteFideId "4659600"]
[BlackFideId "51603586"]
[EventDate "2025.06.03"]

1. Nf3 Nf6 2. g3 e6 3. Bg2 d5 4. O-O Be7 5. d3 O-O 6. a4 c6 7. Bf4 Nbd7 8. Re1
Re8 9. e4 h6 10. e5 Nh7 11. c3 c5 12. d4 b6 13. h4 Bb7 14. Nbd2 a6 15. Nf1 b5
16. a5 Rc8 17. N1h2 b4 18. Qd2 Bf8 19. h5 Qc7 20. Ng4 cxd4 21. cxd4 Qc2 22. Rec1
Qxd2 23. Nxd2 Rxc1+ 24. Rxc1 Rc8 25. Rxc8 Bxc8 26. Nb3 Be7 27. Bd2 Ng5 28. Bf1
Nf3+ 29. Kg2 Nxd2 30. Nxd2 Bd8 31. Nb3 Nb8 32. Ne3 Nc6 33. Nc5 Nxd4 34. Bxa6
Bxa6 35. Nxa6 Bxa5 36. b3 Nxb3 37. Nc2 Kf8 38. Ncxb4 Bxb4 39. Nxb4 Ke7 40. f4
Kd7 41. g4 Nc5 42. Kf3 Ne4 43. Ke3 Kc7 44. Nc2 Kc6 45. Nd4+ Kc5 46. f5 Ng5 47.
f6 g6 48. hxg6 fxg6 49. Nb3+ Kc4 50. Nd4 Kc5 51. Nb3+ Kc4 52. Na5+ Kc5 53. Nb7+
Kc6 54. Nd6 Kd7 55. Kd4 h5 56. gxh5 gxh5 57. Nb7 h4 58. Nc5+ Ke8 59. Nd3 Kf7 60.
Nf4 h3 61. Ke3 h2 0-1

[Event "Titled Tue 3rd Jun Early"]
[Site "chess.com INT"]
[Date "2025.06.03"]
[Round "1"]
[White "Sickmann, Lisa"]
[Black "Ozcan, Kaan"]
[Result "1/2-1/2"]
[WhiteTitle "WFM"]
[BlackTitle "FM"]
[WhiteElo "1970"]
[BlackElo "2230"]
[WhiteFideId "16267818"]
[BlackFideId "34566422"]
[EventDate "2025.06.03"]

1. d4 Nf6 2. c4 e6 3. Nc3 d5 4. cxd5 exd5 5. Bg5 Be7 6. e3 c6 7. Bd3 O-O 8. Nge2
h6 9. Bh4 Re8 10. O-O Nbd7 11. f3 Nf8 12. e4 dxe4 13. fxe4 Bg4 14. Bf2 Bb4 15.
e5 Nd5 16. Ne4 Nf4 17. g3 Nxd3 18. Qxd3 Rxe5 19. N2c3 Re8 20. Qc4 Bxc3 21. Nxc3
Qd7 22. Rfe1 Rxe1+ 23. Rxe1 Re8 24. Rxe8 Qxe8 25. d5 Qd7 26. dxc6 bxc6 27. Bxa7
Be6 28. Qd4 Qb7 29. Qb6 Qe7 30. Qc5 Qg5 31. Qxg5 hxg5 32. Be3 f6 33. a4 Bc4 34.
a5 Kf7 35. Na4 Ne6 36. Nb6 Bb5 37. b4 Ke7 38. Bc5+ Kf7 39. Kf2 Nc7 40. Nc8 Ke6
41. Nd6 Kd5 42. Nxb5 cxb5 43. Bb6 Na6 44. Ke3 Nxb4 45. Bd8 Na6 46. Be7 Ke6 47.
Bf8 g6 48. Ba3 f5 49. Kd4 b4 50. Bb2 Kd6 51. Kc4 Kc6 52. Bf6 g4 53. Be7 b3 54.
Kxb3 Kb5 55. Bd8 Nc5+ 56. Kc3 Ne6 57. Bb6 Ng5 58. Kd3 Nf3 59. Ke3 Nxh2 60. Kf4
Nf1 61. Kg5 Nxg3 62. Kxg6 f4 63. Kg5 f3 64. Kxg4 Ne4 65. Kf4 f2 66. Bxf2 Nxf2
67. a6 Kxa6 1/2-1/2

[Event "Titled Tue 3rd Jun Early"]
[Site "chess.com INT"]
[Date "2025.06.03"]
[Round "1"]
[White "Safin Safarullakhan"]
[Black "Sindarov, Islombek"]
[Result "0-1"]
[WhiteTitle "CM"]
[BlackTitle "CM"]
[WhiteElo "2109"]
[BlackElo "2129"]
[WhiteFideId "33379475"]
[BlackFideId "14205475"]
[EventDate "2025.06.03"]

1. e4 g6 2. d4 Bg7 3. c4 c5 4. Nf3 cxd4 5. Nxd4 Nc6 6. Be3 d6 7. Nc3 Nf6 8. Be2
O-O 9. O-O Bd7 10. h3 a6 11. Qd2 Rc8 12. b3 Nxd4 13. Bxd4 Bc6 14. f3 Nd7 15.
Bxg7 Kxg7 16. Rad1 Qb6+ 17. Kh1 f5 18. Nd5 Bxd5 19. exd5 f4 20. Bd3 Ne5 21. Rfe1
Qd4 22. Re4 Qb6 23. Bb1 h6 24. Rxf4 Rxf4 25. Qxf4 Qf2 26. Qd4 Qxd4 27. Rxd4 g5
28. f4 gxf4 29. Rxf4 b5 30. Bf5 Rc5 31. cxb5 axb5 32. Be6 Rc2 33. Rb4 Rxa2 34.
Rxb5 Kf6 35. Rb8 Kg5 36. b4 Kf4 37. Rf8+ Kg3 38. Rg8+ Kf2 39. Kh2 Rb2 40. Rf8+
Ke3 41. Rb8 h5 42. h4 Nf3+ 43. Kg3 Nd4 44. b5 Ne2+ 45. Kh2 Nf4 46. Bh3 Nxd5 47.
Rh8 Nf4 48. Rb8 e5 49. b6 d5 50. b7 d4 51. Kg3 e4 52. Rf8 Ne2+ 53. Kh2 Rxb7 54.
Bf5 d3 0-1